Dos hermanos = Two Brothers /

Noveno largometraje dirigido por el cineasta francés Jean-Jacques Annaud, quien dieciséis años después de su filme El oso, presenta nuevamente un trabajo de ficción cuyos protagonistas son animales salvajes: dos tigres mellizos de personalidad contrastante -uno tímido y amable, el otro valiente e in...

Fuld beskrivelse

Guardado en:
Bibliografiske detaljer
Hovedforfatter: Annaud, Jean-Jacques (realización)
Andre forfattere: Godard, Alain (guión) (guión), Annaud, Jean-Jacques (guión) (guión), Fellowes, Julian (guión) (guión), Dreujou, Jean-Marie (fotógrafo) (fotógrafo), Boisson, Noëlle (montaje) (montaje), Warbeck, Stephen (música) (música), Pearce, Guy (actuación) (actuación), Dreyfus, Jean-Claude (actuación) (actuación), Highmore, Freddie (actuación) (actuación), Birkhead, Mike (realización) (realización), Stafford-Johnson, Colin (fotógrafo) (fotógrafo), Netley, Andy (montaje) (montaje), Mitcham, David (música) (música)
Format: Slide
Sprog:engelsk
Udgivet: Francia : Inglaterra : EUA : Pathé : TF1 Films Productions ; Two Brothers Productions ; Universal Pictures, 2004, c2004
Fag:
Tags: Tilføj Tag
Ingen Tags, Vær først til at tagge denne postø!

MARC

LEADER 00000ngm^a2200000^a^4500
001 000179214
005 20250521000000.0
009 20260310101817.125
037 |a Acervo ITESO - Biblioteca 
041 |a ING 
082 |a 840.  |b ANN 
100 |a Annaud, Jean-Jacques  |e (realización) 
245 1 0 |a Dos hermanos =  |b Two Brothers /  |c Realización de J.J. Annaud. 
264 4 |a Francia :  |b Pathé :  |b TF1 Films Productions ;  |a Inglaterra :  |b Two Brothers Productions ;  |a EUA :  |b Universal Pictures,  |c 2004, c2004 
264 2 |a México :  |b Universal Pictures [distribución],  |c 2004, c2004 
300 |a 1 DVD regiones 1 y 4  |c (105, 36 min.) 
336 |a imagen móvil bidimensional  |b tdi  |2 rdacontenido 
337 |a video  |b v  |2 rdamedio 
338 |a videodisco  |b vd  |2 rdasoporte 
520 |a Noveno largometraje dirigido por el cineasta francés Jean-Jacques Annaud, quien dieciséis años después de su filme El oso, presenta nuevamente un trabajo de ficción cuyos protagonistas son animales salvajes: dos tigres mellizos de personalidad contrastante -uno tímido y amable, el otro valiente e intrépido- nacidos en las ruinas de un templo rodeado por la jungla y quienes tras ser separados de ellos mismos y de sus padres, habrán de enfrentarse involuntariamente en su vida adulta como enemigos. Esta presentación en DVD incluye los siguientes materiales complementarios y características especiales: 1. Opción de reproducir la película acompañada de un comentario de Annaud. 2. Locos por los tigres (Wild about Tigers), mediometraje documental (36 minutos) de corte divulgativo-zoológico. 3. Una serie de siete segmentos que parecen ser parte un solo making of o documental detrás de cámaras de la película: El llamado de la selva (45 segundos), Hermanos tigres (4 minutos), Amaestradores de tigres (5 minutos), Tecnología para tigres (3 minutos), Cámara para tigres (3 minutos), Diseño de vestuario (2 minutos) y comparaciones de los bosquejos del story Board con la escenas filmadas (5 minutos). 4. Galería de fotografías de locaciones. 
546 |a En francés, inglés y thai, con subtítulos opcionales: español, inglés 
546 |a Doblaje opcional: español, francés 
649 |a XX 
650 |a Cine de Aventuras 
650 |a Dramas Cinematográficos 
650 |a Cine Francés -  |y 2000-2009 
650 |a Cine Francés -  |y Siglo XXI 
650 |a Cine en Inglés -  |z Francia 
650 |a Hermanos Gemelos 
650 |a Personalidad 
650 |a Relaciones entre Hermanos 
650 |a Relaciones Familiares 
650 |a Familia 
650 |a Amistad 
650 |a Tigres 
650 |a Felinos 
650 |a Animales Predatores 
650 |a Mamíferos 
650 |a Vertebrados 
650 |a Especies en Peligro de Extinción 
650 |a Animales -  |x Protección 
650 |a Conservación y Protección Ambiental 
650 |a Animales -  |x Tratamiento 
650 |a Fauna -  |z Asia Sudoriental 
650 |a Fauna -  |z Asia 
650 |a Etología 
650 |a Ecología 
650 |a Zoología 
650 |a Biología 
650 |a Arquitectura Budista -  |z Camboya 
650 |a Arquitectura Oriental -  |z Camboya 
650 |a Arte Budista -  |z Camboya 
650 |a Arte Oriental -  |z Camboya 
650 |a Camboya en el Cine 
740 0 |a Locos por los tigres =  |b Wild about Tigers /  |c Realización de M. Birkhead. 
700 |a Godard, Alain  |e (guión) 
700 |a Annaud, Jean-Jacques  |e (guión) 
700 |a Fellowes, Julian  |e (guión) 
700 |a Dreujou, Jean-Marie  |e (fotógrafo) 
700 |a Boisson, Noëlle  |e (montaje) 
700 |a Warbeck, Stephen  |e (música) 
700 |a Pearce, Guy  |e (actuación) 
700 |a Dreyfus, Jean-Claude  |e (actuación) 
700 |a Highmore, Freddie  |e (actuación) 
700 |a Birkhead, Mike  |e (realización) 
700 |a Stafford-Johnson, Colin  |e (fotógrafo) 
700 |a Netley, Andy  |e (montaje) 
700 |a Mitcham, David  |e (música) 
910 |a Fondo General 
920 |a Audiovisuales - DVDs 
940 |a Películas 
905 |a 302 
901 |a 0500088488  |b IT2  |c DVS  |u 20250521 
902 |a https://opac.biblio.iteso.mx/vufind/Record/000179214